Stranger Things Cast - Statistics

General Stats
  • This quiz has been taken 144 times
  • The average score is 13 of 15
Answer Stats
Character Actor % Correct
Eleven Millie Bobby Brown
99%
Mike Wheeler Finn Wolfhard
98%
Will Byers Noah Schnapp
96%
Max Mayfield Sadie Sink
96%
Jim Hopper David Harbour
91%
Joyce Byers Winona Ryder
91%
Steve Harrington Joe Keery
88%
Nancy Wheeler Natalia Dyer
88%
Dustin Henderson Gaten Matarazzo
87%
Lucas Sinclair Caleb McLaughlin
84%
Robin Buckley Maya Hawke
83%
Jonathan Rivers Charlie Heaton
82%
Bob Newby Sean Astin
72%
Martin Brenner Matthew Modine
66%
Victor Creel ( Bonus ) Robert Englund
35%
No matching quizzes found
Score Distribution
Percent of People with Each Score
Percentile by Number Answered
Your Score History
You have not taken this quiz